000 00404nam a22001457a 4500
003 PILC
005 20150506135359.0
008 150506b xxu||||| |||| 00| 0 eng d
050 _aDS 891.5
_b.K23 2006
245 _aKazuaki Aizawa :
_bcollected papers /
260 _aMuntinlupa City, Philippines :
_bSpring,
_c2006.
300 _avi, 517 pages :
_c29 cm.
650 _aHistory
_xJapan.
942 _2lcc
_cBK
999 _c283862
_d283862